| Tag |
First Indicator |
Second Indicator |
Subfields |
| LEADER |
00000cam a22000001a 4500 |
| 001 |
in00003405083 |
| 006 |
m d f |
| 007 |
cr bn mmmapmmp |
| 008 |
101101s2009 dcu o f000 0 eng d |
| 005 |
20260429190353.8 |
| 035 |
|
|
|a cis2007872126
|
| 040 |
|
|
|a ProQuest
|c ProQuest
|d UtOrBLW
|
| 043 |
|
|
|a n-us---
|
| 099 |
|
|
|a CRS-2009-RSI-0468
|
| 110 |
2 |
|
|a Library of Congress.
|b Congressional Research Service.
|
| 245 |
1 |
0 |
|a Climate Change :
|b The Role of the U.S. Agriculture Sector and Congressional Action.
|
| 264 |
|
1 |
|a [Place of publication not identified] :
|b [publisher not identified],
|c 2009.
|
| 300 |
|
|
|a 1 online resource.
|
| 336 |
|
|
|a text
|b txt
|2 rdacontent
|
| 337 |
|
|
|a computer
|b c
|2 rdamedia
|
| 338 |
|
|
|a online resource
|b cr
|2 rdacarrier
|
| 500 |
|
|
|a Record is based on bibliographic data in ProQuest U.S. Congressional Research Digital Collection (last viewed Dec. 2010). Reuse except for individual research requires license from ProQuest, LLC.
|
| 500 |
|
|
|a CRS Report.
|
| 520 |
|
|
|a Discusses the extent of greenhouse gas (GHG) emissions and sinks associated with U.S. agricultural production, and cites current and potential estimates for U.S. agricultural soils to sequester carbon and partly offset national GHG emissions. Discusses mitigation strategies in the agriculture sector, focusing on conservation and other farm programs. Describes ongoing legislative action within both the climate change and farm bill debates, and addresses questions that may be raised regarding role of U.S. agriculture sector in the climate change debate.
|
| 500 |
|
|
|a Electronic resource.
|
| 650 |
|
0 |
|a Air
|x Pollution.
|
| 650 |
|
0 |
|a Pollution.
|
| 650 |
|
0 |
|a Climatic changes.
|
| 655 |
|
7 |
|a Electronic books.
|2 local
|
| 710 |
2 |
|
|a ProQuest (Firm)
|
| 776 |
0 |
8 |
|i Microfiche version:
|a Library of Congress. Congressional Research Service.
|t Climate Change
|
| 830 |
|
0 |
|a U.S. Congressional Research.
|
| 856 |
4 |
0 |
|u http://proxy.library.tamu.edu/login?url=https://congressional.proquest.com/congcomp/getdoc?CRDC-ID=CRS-2009-RSI-0468
|z Connect to the full text of this electronic book
|t 0
|
| 999 |
|
|
|a MARS
|
| 999 |
f |
f |
|s 2db216b6-3cf6-3599-9880-9b05ca3b30f4
|i 3720e5e7-9d22-3d6a-bd4c-7b4552855b87
|t 0
|
| 952 |
f |
f |
|a Texas A&M University
|b College Station
|c Electronic Resources
|s www_evans
|d Available Online
|t 0
|e CRS-2009-RSI-0468
|h Other scheme
|
| 998 |
f |
f |
|a CRS-2009-RSI-0468
|t 0
|l Available Online
|